Every Child a Talker: Guidance for Early Language Lead Practitioners (Record no. 49003)
| 000 -LEADER | |
|---|---|
| fixed length control field | 00450nam a22001217a 4500 |
| 008 - FIXED-LENGTH DATA ELEMENTS--GENERAL INFORMATION | |
| fixed length control field | 250701b |||||||| |||| 00| 0 eng d |
| 020 ## - INTERNATIONAL STANDARD BOOK NUMBER | |
| International Standard Book Number | 00854-2008DOM-EN |
| 100 ## - MAIN ENTRY--PERSONAL NAME | |
| Personal name | Department for Children, School and Families |
| 9 (RLIN) | 86379 |
| 245 ## - TITLE STATEMENT | |
| Title | Every Child a Talker: Guidance for Early Language Lead Practitioners |
| 260 ## - PUBLICATION, DISTRIBUTION, ETC. (IMPRINT) | |
| Place of publication, distribution, etc | United Kiingdom |
| Name of publisher, distributor, etc | Department for Children, School and Families |
| Date of publication, distribution, etc | 2009 |
| 300 ## - PHYSICAL DESCRIPTION | |
| Extent | 205 pages |
| Other physical details | col. ill. |
| Dimensions | 21cm x 29.7cm |
| 942 ## - ADDED ENTRY ELEMENTS (KOHA) | |
| Source of classification or shelving scheme | |
| Withdrawn status | Lost status | Source of classification or shelving scheme | Damaged status | Not for loan | Collection code | Home library | Current library | Date acquired | Total Checkouts | Full call number | Barcode | Date last seen | Price effective from | Koha item type |
|---|---|---|---|---|---|---|---|---|---|---|---|---|---|---|
| Non-Fiction | Asian Hope Siem Reap | Asian Hope Siem Reap | 07/01/2025 | NFIC CHI | 209050 | 07/01/2025 | 07/01/2025 | Book |